[Event "2014 PHCC Championships"]
[Site "Port Huron"]
[Date "2014.01.16"]
[Round "1"]
[White "Boucher, David"]
[Black "Rutkofske, Lonnie"]
[Result "0-1"]
[WhiteElo "1463"]
[BlackElo "1836"]
[PlyCount "34"]
[EventDate "2014.01.16"]
[EventType "tourn"]
[EventRounds "7"]

1. e4 c6 2. d4 d5 3. e5 Bf5 4. Ne2 e6 5. Ng3 Bg6 6. Nd2 c5 7. c3 Nc6 8. Be2 cxd4 9. cxd4 Nxd4 10. Qa4+ Nc6 11. Nb3 Bb4+ 12. Bd2 Bxd2+ 13. Kxd2 Qb6 14. Bb5 Nge7 15. Nd4 O-O 16. Nge2 Nxe5 17. h3 a6 0-1

[Event "2014 PHCC Championships"]
[Site "Port Huron"]
[Date "2014.01.23"]
[Round "2"]
[White "Rutkofske, Lonnie"]
[Black "Gregg, Alan"]
[Result "0-1"]
[WhiteElo "1836"]
[BlackElo "1951"]
[PlyCount "74"]
[EventDate "2014.01.23"]
[EventType "swiss"]
[EventRounds "7"]

1. c4 Nf6 2. g3 c6 3. Bg2 d5 4. Nf3 Nbd7 5. cxd5 cxd5 6. d4 e6 7. O-O Bd6 8. Nc3 O-O 9. Qd3 a6 10. e4 dxe4 11. Nxe4 Nxe4 12. Qxe4 Nf6 13. Qc2 h6 14. Ne5 Qc7 15. Qe2 Bxe5 16. dxe5 Nd5 17. Qg4 Qxe5 18. Qd1 Bd7 19. Re1 Qf6 20. Qb3 Bc6 21. Bd2 Rac8 22. Rac1 Rfd8 23. Ba5 Re8 24. Rxc6 bxc6 25. Qc2 Qg5 26. Bd2 Qf6 27. Ba5 c5 28. Bd2 Nb4 29. Qb1 Qd4 30. Bc3 Qd3 31. Be4 Qxb1 32. Bxb1 Nd5 33. Ba5 c4 34. f4 c3 35. bxc3 Nxc3 36. Bd3 Nxa2 37. Bxa6 Rc1 0-1

[Event "2014 PHCC Championships"]
[Site "Port Huron"]
[Date "2014.01.16"]
[Round "1"]
[White "Gregg, Alan"]
[Black "Wingrove, William"]
[Result "1-0"]
[WhiteElo "1951"]
[BlackElo "1695"]
[PlyCount "49"]
[EventDate "2014.01.16"]
[EventType "tourn"]
[EventRounds "7"]

1. e4 c5 2. Nf3 d6 3. Nc3 Nf6 4. d4 cxd4 5. Nxd4 a6 6. g3 e5 7. Nde2 b5 8. Bg2 Bb7 9. O-O Nbd7 10. Bg5 h6 11. Be3 Nb6 12. b3 d5 13. Bxb6 Qxb6 14. Nxd5 Nxd5 15. exd5 Rd8 16. c4 bxc4 17. bxc4 Rc8 18. Qa4+ Kd8 19. Rab1 Qa7 20. Nc3 Qa8 21. Bh3 Rc7 22. Ne4 Bc8 23. Bg2 f5 24. d6 Rf7 25. Qa5+ 1-0

[Event "2014 PHCC Championships "]
[Site "Port Huron"]
[Date "2014.01.16"]
[Round "1"]
[White "Morabito, Matthew"]
[Black "Nowiski, Adam"]
[Result "1-0"]
[WhiteElo "1780"]
[BlackElo "919"]
[PlyCount "61"]
[EventDate "2014.01.16"]
[EventType "tourn"]
[EventRounds "7"]

1. d4 d5 2. Nf3 Nf6 3. e3 Bg4 4. Be2 e6 5. O-O Be7 6. c4 c6 7. Nc3 O-O 8. Qb3 b6 9. Bd2 dxc4 10. Qxc4 Bf5 11. Rad1 Ne4 12. Nxe4 Bxe4 13. Qc1 Bd5 14. b3 Qc7 15. Bc3 Bd6 16. g3 Nd7 17. Nd2 Nf6 18. Qc2 e5 19. e4 Be6 20. Nc4 Rad8 21. dxe5 Bxc4 22. exd6 Rxd6 23. Bxc4 Re8 24. Rxd6 Qxd6 25. e5 Rxe5 26. Bxe5 Qxe5 27. Rd1 g6 28. Qe2 Qxe2 29. Bxe2 Nd5 30. Rc1 c5 31. Bc4 1-0

[Event "2014 PHCC Championships"]
[Site "Port Huron"]
[Date "2014.01.17"]
[Round "1"]
[White "Wilkinson, Stewart"]
[Black "Bedy, Noel"]
[Result "1-0"]
[WhiteElo "1879"]
[BlackElo "1621"]
[PlyCount "67"]
[EventDate "2014.01.17"]
[EventType "swiss"]
[EventRounds "7"]

1. e4 e5 2. Nc3 Nc6 3. f4 Bc5 4. Nf3 d6 5. Na4 Bb6 6. Nxb6 axb6 7. Bc4 Nf6 8. d3 O-O 9. O-O Na5 10. fxe5 dxe5 11. Bg5 Nxc4 12. Bxf6 Qxf6 13. dxc4 Qe7 14. b3 Bg4 15. Qe1 Bh5 16. Qc3 f6 17. a4 Bg6 18. Rae1 Rfd8 19. Nh4 Qc5+ 20. Kh1 Qd4 21. Qg3 Bxe4 22. Nf5 Bxf5 23. Rxf5 Rd6 24. h3 g6 25. Ref1 Kf7 26. R5f3 Re8 27. c3 Qe4 28. Re1 Qc2 29. Rxe5 Rd1+ 30. Kh2 Qc1 31. Qh4 Rh1+ 32. Kg3 Rxe5 33. Qxf6+ Ke8 34. Qxe5+ 1-0

[Event "2014 PHCC Championships"]
[Site "Port Huron"]
[Date "2014.01.23"]
[Round "2"]
[White "West, Tony"]
[Black "Wilkinson, Stewart"]
[Result "1-0"]
[WhiteElo "1898"]
[BlackElo "1879"]
[Annotator "Stewart Wilkinson"]
[PlyCount "101"]
[EventDate "2014.01.23"]
[EventType "swiss"]
[EventRounds "7"]

1. d4 e6 2. c4 f5 3. Nf3 Nf6 4. g3 Bb4+ $1 {Diagram  [Alekhines's idea! Black hopes to develop quickly and hinder White's natural development. Not considered by many analysts, 4....,Bb4+ is favored by Fritz 8]} 5. Bd2 Bxd2+ 6. Nbxd2 O-O 7. Bg2 d6 8. Qc2 Nc6 9. O-O $11 e5 10. dxe5 dxe5 11. Rad1 Qe7 12. e3 e4 $15 13. Ne1 Nb4 $2 {[Almost anything is better, 13....,Rd8 or Ne5 are best according to Fritz 8]} 14. Qb3 a5 15. a3 Nc6 16. Nb1 $2 {[White's first real error, many moves were better.]} a4 17. Qc2 Be6 $15 {Diagram [Black controls space and enjoys coordinated development. White chose not to challenge the center, allowing Black to consolidate his K-side. A later blunder by Black gave Tony a chance and he played a fine ending to earn a key win!]} 18. Qe2 Ne5 19. Nd2 Rad8 20. f4 Nxc4 21. Nxc4 Rxd1 22. Qxd1 Bxc4 23. Qxa4 Bxf1 24. Bxf1 Qc5 25. Nc2 h6 26. Nd4 Qb6 27. b4 Ng4 28. h3 Nxe3 29. Qb3+ Kh8 30. Qxe3 g6 31. Kf2 Rd8 32. Nb3 Qd6 33. Be2 b6 34. Qc3+ Kh7 35. Ke3 h5 36. Qe5 Qxe5 37. fxe5 Kg7 38. Kf4 Ra8 39. g4 Rf8 40. gxh5 g5+ 41. Kxg5 f4 42. Nd4 f3 43. Bf1 Kh8 44. Kg4 Rg8+ 45. Kf4 Rg1 46. e6 Rg7 47. Nf5 Rg8 48. e7 Re8 49. Kxe4 c6 50. Kxf3 Kh7 51. Kf4 1-0

[Event "2014 PHCC Championships"]
[Site "Port Huron"]
[Date "2014.01.23"]
[Round "2"]
[White "Wingrove, William"]
[Black "Morabito, Matthew"]
[Result "0-1"]
[WhiteElo "1695"]
[BlackElo "1780"]
[PlyCount "66"]
[EventDate "2014.01.23"]
[EventType "swiss"]
[EventRounds "7"]

1. e4 c5 2. c3 d6 3. d4 cxd4 4. cxd4 Nf6 5. Nc3 e6 6. Nf3 Be7 7. Be2 O-O 8. O-O a6 9. h3 b5 10. a3 Bb7 11. Bd3 Nc6 12. Qc2 e5 13. d5 Nb8 14. Be3 Nbd7 15. b4 Rc8 16. Qd2 Nb6 17. Rac1 Nc4 18. Bxc4 Rxc4 19. Qd3 Qa8 20. Nd2 Rcc8 21. f4 Nd7 22. f5 Bd8 23. g4 Nb6 24. g5 Nc4 25. Nxc4 Rxc4 26. f6 g6 27. Qe2 Qc8 28. Bd2 Qxh3 29. Rf2 Bb6 30. Qf1 Qg3+ 31. Qg2 Bxf2+ 32. Kf1 Qxg2+ 33. Kxg2 Bd4 0-1

[Event "2014 PHCC Championships"]
[Site "Port Huron"]
[Date "2014.02.14"]
[Round "3"]
[White "Jones, G. Avery"]
[Black "Rutkofske, Lonnie"]
[Result "1-0"]
[WhiteElo "1684"]
[BlackElo "1836"]
[Annotator "Lonnie Rutkofske"]
[PlyCount "96"]
[EventDate "2014.02.13"]
[EventType "swiss"]
[EventRounds "7"]

1. d4 f5 2. Nf3 Nf6 3. Nc3 e6 4. g3 Be7 5. Bg2 O-O 6. O-O d5 7. Ne5 a6 8. Bf4 Nbd7 9. a3 c5 10. e3 Qe8 11. Bf3 Nxe5 12. Bxe5 Bd7 13. Re1 Rc8 14. Qe2 b5 15. Rac1 b4 16. axb4 cxb4 17. Nb1 Bb5 18. Qd1 Nd7 19. Bf4 Nb6 $4 {Diagram  [Best was g5! forcing the exchange, and doubling white's pawns, creating a target for future attack!]} 20. b3 Qd7 21. Be2 a5 22. Be5 a4 23. Bxb5 Qxb5 24. bxa4 Qxa4 $2 {[Na4 is far better because it keeps the Black queen on a safer square and permits eventual targets on b2 and c3, as well as making counter play for White difficult. It also gives Black time to double rooks and continue the q-side development, while the B of e5 languishes without good squares.]} 25. Nd2 Rc6 26. Nb3 $2 {[Na4 is far better because it keeps the Black queen on a safer square and permits eventual targets on b2 and c3, as well as making counter play for White difficult. It also gives Black time to double rooks and continue the q-side development, while the B of e5 languishes without good squares.]} Rc3 27. Ra1 Qc6 28. Ra7 Nc8 29. Rc7 Qb6 30. Nc5 Re8 31. Na4 Qxc7 32. Bxc7 Rxc7 33. Qd3 Rc4 34. Nc5 {[Here the simple 34...Bc5 35 dc5, Rc5 36.Qd4 Rb5 37.Rb1, Nd6 38.Rb4 Rb4 39.Qb4, Nc4 should hold at least a draw.]} Bf8 35. Ra1 Nd6 36. Ra6 Kf7 37. Qe2 g6 38. Nd7 Ke7 39. Ne5 Rc7 40. Nc6+ Kf6 41. Nxb4 Rb8 42. Qd2 Ne4 43. Nxd5+ Kg7 44. Qa5 Rb1+ $4 {[A huge opportunity for counter play with time winding down. Correct seems to be 44...Rc2!!! mating threats. If 45. Re6, Rb1 check followed by 46.Kg2, Rf2+ 47.Kh3, Ng5+48.Kh4, Rh2 49.Kg5, h6 mate!]} 45. Kg2 Rcb7 46. Rxe6 R1b5 47. Qd8 Rf7 48. Ne7 Kh8 {[Black lost on time after a mad time scramble.]} 1-0

[Event "2014 PHCC Championships"]
[Site "Port Huron"]
[Date "2014.02.13"]
[Round "3"]
[White "Gregg, Alan"]
[Black "West, Tony"]
[Result "1/2-1/2"]
[WhiteElo "1951"]
[BlackElo "1898"]
[Annotator "LWR"]
[PlyCount "45"]
[EventDate "2014.02.13"]
[EventType "swiss"]
[EventRounds "7"]

1. Nf3 e6 2. c4 f5 3. Nc3 Nf6 4. d3 d5 5. e3 Bd6 6. Be2 c6 7. b3 e5 8. O-O O-O 9. cxd5 Nxd5 10. Bb2 Qe7 11. Nd2 Be6 12. Nc4 Bc7 13. d4 exd4 14. Qxd4 Nb4 15. Qd1 b5 16. Nd2 Rd8 17. Qc1 Bxh2+ 18. Kxh2 Qd6+ {Diagram  [Alan indicated that the simple 19.g3! wins a piece, because if 19...Qd2? 20.Rd1!! nabs the Q!]} 19. Kg1 Qxd2 20. Rd1 Qxc1 21. Raxc1 Nd7 22. a3 Na6 23. Rd6 {[if 23...Bb3 24. Nb5, and all of White's pieces are poised to destroy the Black position. ] Fritz 12: 1) 23...Ndc5 [Fritz 12: 2) 23...Bxb3 24.Nxb5 cxb5 25.Rxa6 Nb6 26.Bxb5 Rac8 27.Rxc8 Nxc8 28.Rc6 Rd1+ 29.Kh2 Nd6 30.Ba6 Ne8 31.Bd4 Rd2 32.Rc8 Kf7 0.93/24 ] 24.Rcd1 Rxd6 25.Rxd6 b4 26.Na4 Bxb3 27.Nxc5 Nxc5 28.axb4 Ne6 29.Rxc6 Rb8 30.Bc3 g6 31.Rd6 Rc8 32.Be5 a5 33.b5 Rc2 34.Bd3 Rc1+ 0.76/25 Fritz 12: 1) 35.Kh2 [Fritz 12: 2) 35.Bf1 Bc4 36.Rc6 Rxf1+ 37.Kh2 Ba2 38.b6 Rb1 39.Rc8+ Kf7 40.Ra8 Bd5 41.Ra7+ Ke8 42.Rxh7 Rxb6 43.Ra7 Rb5 44.Bc3 Nc5 45.Bxa5 Rb2 46.Rc7 -2.92/19 ] 35...Rc8 36.b6 Nc5 37.Bb5 Kf7 38.Bc6 a4 39.b7 Nxb7 40.Bxb7 Rc5 41.Bd4 Rc7 42.Rf6+ Ke7 43.Rb6 Kd7 44.Kg3 Rc2 45.Bf3 2.99/19 Rc7 Fritz 12: 1) 46.Kf4 [Fritz 12: 2) 46.Be5 Rc8 47.Kf4 Rc2 48.Kg5 Rxf2 49.Kf6 Rc2 50.Rb7+ Kd8 51.Rxh7 a3 52.Kxg6 Be6 53.Kf6 Bg8 54.Rh8 4.15/16 ] 46...Bc4 47.Be5 Rc5 48.Rd6+ Ke7 49.Rd4 Ke6 50.Bd6 Rc8 51.Bb7 Rd8 52.Rxc4 Rxd6 53.Rxa4 Kf6 54.Bf3]} 1/2-1/2

[Event "2014 PHCC Championships"]
[Site "Port Huron"]
[Date "2014.02.13"]
[Round "3"]
[White "Morabito, Matthew"]
[Black "Wilkinson, Stewart"]
[Result "1/2-1/2"]
[WhiteElo "1780"]
[BlackElo "1879"]
[PlyCount "157"]
[EventDate "2014.02.13"]
[EventType "swiss"]
[EventRounds "7"]

1. e4 e6 2. d3 d5 3. Nd2 c5 4. Ngf3 Nc6 5. Be2 Bd6 6. O-O Nge7 7. Re1 O-O 8. exd5 Nxd5 9. Ne4 Be7 10. Bd2 b6 11. a4 Bb7 12. Bg5 h6 13. Bd2 Qc7 14. Qc1 f5 15. Nc3 Nxc3 16. Bxc3 Bf6 17. Qe3 Rae8 18. d4 cxd4 19. Nxd4 Nxd4 20. Bxd4 e5 21. Bc3 f4 22. Qd3 Rc8 23. Bg4 e4 24. Rxe4 Bxe4 25. Qxe4 Bxc3 26. Bxc8 Rxc8 27. bxc3 Qxc3 28. Qe6+ Kh8 29. Rc1 f3 30. gxf3 Rf8 31. Qe3 Qxe3 32. fxe3 Rxf3 33. Re1 g5 34. e4 Kg7 35. Kg2 Rc3 36. Re2 Kf6 37. e5+ Ke6 38. Kf2 Rc5 39. Kf3 h5 40. h3 Rxe5 41. Rd2 Rd5 42. Re2+ Kd6 43. Re8 Rf5+ 44. Kg3 Kc5 45. Re7 a5 46. c3 Kc4 47. Re6 b5 48. Rc6+ Kb3 49. axb5 Rxb5 50. c4 Re5 51. c5 Kb4 52. Rh6 h4+ 53. Kg4 Rxc5 54. Rb6+ Rb5 55. Rc6 Kb3 56. Rc1 Kb2 57. Re1 a4 58. Re2+ Kb3 59. Re3+ Ka2 60. Re4 a3 61. Re2+ Rb2 62. Re5 Rg2+ 63. Kh5 Rg3 64. Rb5 Ka1 65. Ra5 a2 66. Re5 Rg2 67. Ra5 Kb1 68. Rb5+ Rb2 69. Rxg5 a1=Q 70. Rg1+ Ka2 71. Rxa1+ Kxa1 72. Kxh4 Rg2 73. Kh5 Kb2 74. h4 Kc3 75. Kh6 Kd4 76. h5 Ke5 77. Kh7 Kf6 78. h6 Ke7 79. Kh8 1/2-1/2

[Event "2014 PHCC Championships"]
[Site "St. Clair"]
[Date "2014.02.16"]
[Round "3"]
[White "Boucher, David"]
[Black "Wingrove, William"]
[Result "0-1"]
[WhiteElo "1463"]
[BlackElo "1695"]
[PlyCount "50"]
[EventDate "2014.02.16"]
[EventType "swiss"]
[EventRounds "7"]

1. e4 c5 2. d4 cxd4 3. c3 d5 4. exd5 Qxd5 5. Nf3 Nc6 6. c4 Qd6 7. Bd3 Nf6 8. O-O Bg4 9. b3 e6 10. Ba3 Nb4 11. Nbd2 Qb6 12. Ne4 Be7 13. Bb2 Nc6 14. Re1 O-O 15. c5 Qc7 16. Bb5 Rad8 17. Nxf6+ Bxf6 18. Re4 Bf5 19. Bxc6 bxc6 20. Re2 e5 21. h3 Rfe8 22. g4 Bc8 23. g5 Be7 24. Rxe5 Bxh3 25. Nxd4 Qxe5 0-1

[Event "2014 PHCC Championships"]
[Site "Saint Clair "]
[Date "2014.02.18"]
[Round "3"]
[White "Bedy, Noel"]
[Black "Nowiski, Adam"]
[Result "1-0"]
[WhiteElo "1621"]
[BlackElo "919"]
[PlyCount "55"]
[EventDate "2014.02.18"]
[EventType "swiss"]
[EventRounds "7"]

1. d4 d5 2. Nf3 e6 3. c3 c6 4. e3 Nf6 5. Bd3 Nbd7 6. Nbd2 c5 7. O-O Bd6 8. Re1 O-O 9. e4 cxd4 10. cxd4 Bb4 11. e5 Ne8 12. a3 Ba5 13. b4 Bc7 14. Nf1 Bb8 15. Ng3 g6 16. Qd2 Ng7 17. Qh6 Re8 18. Ng5 Nf8 19. Nf3 b6 20. Bg5 Nf5 21. Nxf5 exf5 22. Bxd8 Rxd8 23. Ng5 a5 24. Qh4 Re8 25. Bb5 Bd7 26. Bxd7 Nxd7 27. Qxh7+ Kf8 28. Qxf7# 1-0

[Event "2014 PHCC Championships"]
[Site "Port Huron"]
[Date "2014.02.20"]
[Round "4"]
[White "Wingrove, William"]
[Black "Bedy, Noel"]
[Result "1-0"]
[WhiteElo "1695"]
[BlackElo "1621"]
[Annotator "LWR"]
[PlyCount "43"]
[EventDate "2014.02.20"]
[EventRounds "7"]

1. e4 e5 2. Nf3 Nc6 3. d4 exd4 4. Nxd4 g6 5. Nc3 Bg7 6. Be3 Nf6 7. Bc4 O-O 8. f3 Re8 9. Qd2 Na5 10. Be2 c6 11. O-O-O b5 12. g4 d5 13. exd5 b4 14. Na4 Qxd5 15. Qxb4 Rxe3 {[16...Qa2 looks very interesting.]} 16. Nf5 {Diagram } Qe5 17. Nxe3 Qxe3+ 18. Kb1 Qxe2 19. Rhe1 Nd5 20. Qxa5 Qb5 21. Re8+ Bf8 22. Qd8 1-0

[Event "2014 PHCC Championships"]
[Site "Port Huron"]
[Date "2014.02.20"]
[Round "4"]
[White "Jones, G. Avery"]
[Black "Gregg, Alan"]
[Result "1/2-1/2"]
[WhiteElo "1684"]
[BlackElo "1951"]
[Annotator "GREGG,ALAN"]
[PlyCount "125"]
[EventDate "2014.02.20"]
[EventRounds "7"]

1. d4 f5 2. Nf3 Nf6 3. Nc3 e6 4. Bg5 Be7 5. g3 O-O 6. Bg2 d5 7. O-O Nbd7 8. a3 c6 9. Rb1 h6 10. Bf4 g5 11. Bd2 Ne4 12. Nxe4 dxe4 13. Ne5 Nxe5 14. dxe5 Qc7 15. e3 g4 16. Bc3 Rd8 17. Qe2 h5 18. Rfd1 Bd7 19. Qc4 b5 20. Qa2 c5 21. Ba5 Qxa5 22. Rxd7 Kf7 23. Rbd1 Rxd7 24. Rxd7 Rd8 25. Rxd8 Bxd8 26. Qb1 Qd2 27. b3 Bc7 28. Qb2 Qd5 29. Bf1 Bxe5 30. Qc1 c4 31. Qb1 c3 32. Be2 Bd6 33. b4 h4 34. Qd1 hxg3 35. hxg3 Qxd1+ 36. Bxd1 Ke7 37. Kf1 Kd7 38. Be2 Kc6 39. Ke1 Kb6 40. Kd1 a5 41. bxa5+ Kxa5 42. Kc1 Bxa3+ 43. Kd1 Kb4 44. Bf1 Kc5 45. Be2 e5 46. Bf1 Bb4 47. Be2 Ba5 48. Bf1 Bc7 49. Be2 Bd6 50. Bf1 Be7 51. Be2 Bg5 52. Ke1 f4 53. gxf4 exf4 54. exf4 Bxf4 55. Bxg4 Kd5 56. Bh5 Ke6 57. Be8 b4 58. Ba4 Kf6 59. Ke2 Kg5 60. Bb3 Kf5 61. Bc4 Bd6 62. Bb3 Bc5 63. Bc4 {[Draw Agreed]} 1/2-1/2

[Event "2014 PHCC Championships"]
[Site "Port Huron"]
[Date "2014.02.20"]
[Round "4"]
[White "West, Tony"]
[Black "Morabito, Matthew"]
[Result "1/2-1/2"]
[WhiteElo "1898"]
[BlackElo "1780"]
[Annotator "LWR"]
[PlyCount "115"]
[EventDate "2014.02.20"]
[EventRounds "7"]

1. d4 Nf6 2. c4 g6 3. Nc3 Bg7 4. e4 d6 5. Bd3 O-O 6. Nge2 Nc6 7. O-O e5 8. d5 Nd4 9. Nxd4 exd4 10. Ne2 Re8 11. Ng3 Ng4 12. Be2 Qh4 13. Bxg4 Bxg4 14. f3 Bd7 15. Rb1 b5 16. Qd3 Rab8 17. Rd1 Be5 18. f4 Bg7 19. Bd2 Rb7 20. b3 Reb8 21. Re1 c5 22. dxc6 Bxc6 23. Ne2 bxc4 24. bxc4 Rxb1 25. Rxb1 Re8 26. Ng3 Qe7 27. Re1 Qb7 28. Qa3 Bxe4 29. Qxd6 Bc6 30. Rxe8+ Bxe8 31. Qb4 Qxb4 32. Bxb4 Bd7 33. Kf2 Be6 34. c5 Bxa2 35. c6 f5 36. Ne2 Be6 37. Nc1 Bf6 38. Nd3 Kf7 39. Nc5 Bc8 40. Nb7 Be7 41. Bd6 Ke6 42. Be5 Kd5 43. Na5 Bd6 44. Bxd6 Kxd6 {Diagram } 45. Ke2 Ba6+ 46. Kd2 Bb5 47. Nb3 Bxc6 48. Nxd4 {Diagram [At this point in the game, Matt hadover 21 minutes and Tony had less than 9. Best here appears to be 48...a5! With pawns on both sides of the board, the B is far superior to the knight! This should be a sure win for Matt either over the board, or on time.]} Bxg2 $4 {[Matt gives away any advantage material advantage he may have enjoyed. His only recourse was that Tony had a mere minute to Matt's 12+ .]} 49. Nb5+ Kc5 $3 50. Nxa7 $4 {Diagram  [A blunder in time control, for the simple 50...Bb7! Wins the knight!]} Kd4 $4 {[Well, this is not unusual in games where one person is trying to run his opponent out of time..... This move essentially draws the game. Time remaining: Toy=9 sec. , Matt: 2 minutes:13 seconds.]} 51. Ke2 h6 52. Nb5+ {[It was here that Matt made an illegal move by touching his B, while in check and was penalized. Tony received 2 minutes to his time which gave him 2:09 minutes and Matt had 2:13 minutes remaining.]} Kd5 53. Kf2 Be4 54. Nc3+ Ke6 55. Ke3 Bc6 56. h4 Kf6 57. Ne2 Be8 58. Nd4 {[Draw agreed.]} 1/2-1/2

[Event "2014 PHCC Championships"]
[Site "Port Huron"]
[Date "2014.02.20"]
[Round "4"]
[White "Nowiski, Adam"]
[Black "Boucher, David"]
[Result "0-1"]
[WhiteElo "919"]
[BlackElo "1463"]
[PlyCount "92"]
[EventDate "2014.02.20"]
[EventRounds "7"]

1. e4 e6 2. d4 d5 3. Nc3 Bb4 4. Bd2 dxe4 5. Nxe4 Qxd4 6. Bd3 Bxd2+ 7. Nxd2 Qxb2 8. Ngf3 Nf6 9. O-O O-O 10. Nc4 Qb4 11. a3 Qe7 12. c3 b6 13. Qc2 Ba6 14. Ng5 h6 15. Nh7 Bxc4 16. Bxc4 Nxh7 17. Be2 Rd8 18. Bf3 c6 19. Be4 Nf6 20. a4 a6 21. c4 Nxe4 22. Qxe4 Rd2 23. Rfd1 Qd7 24. Qf3 Ra7 25. h3 Rxd1+ 26. Rxd1 Qe7 27. Qb3 Nd7 28. Ra1 Rb7 29. Qc3 Nc5 30. a5 b5 31. cxb5 cxb5 32. Rc1 Rc7 33. Qe5 f6 34. Qg3 e5 35. Qf3 Qd8 36. Rd1 Qc8 37. Qd5+ Ne6 38. Qb3 Rc1 39. Rxc1 Qxc1+ 40. Kh2 Qc6 41. Kg1 Kh8 42. Qg3 b4 43. Kf1 Qc5 44. Qg6 Nf4 45. Qe8+ Kh7 46. Qa4 Qc1+ 0-1

[Event "2014 PHCC Championships"]
[Site "Port Huron"]
[Date "2014.02.20"]
[Round "4"]
[White "Wilkinson, Stewart"]
[Black "Rutkofske, Lonnie"]
[Result "1-0"]
[WhiteElo "1879"]
[BlackElo "1836"]
[PlyCount "45"]
[EventDate "2014.02.20"]
[EventRounds "7"]

1. e4 e5 2. Nc3 Nc6 3. f4 Bc5 4. Nf3 d6 5. Bb5 a6 6. Bxc6+ bxc6 7. d3 Bg4 8. h3 Bxf3 9. Qxf3 Rb8 10. fxe5 dxe5 11. Na4 Bf8 12. O-O Nf6 13. Be3 Rb5 14. Rad1 c5 15. b3 Bd6 16. Nc3 Rb7 17. Nd5 Be7 18. Bg5 Qd6 19. Bxf6 Bxf6 20. Nxf6+ gxf6 21. Qxf6 Qxf6 22. Rxf6 Rb6 23. Rdf1 1-0

[Event "2014 PHCC Championships"]
[Site "Port Huron"]
[Date "2014.02.27"]
[Round "5"]
[White "Wilkinson, Stewart"]
[Black "Jones, G. Avery"]
[Result "1-0"]
[WhiteElo "1879"]
[BlackElo "1684"]
[PlyCount "95"]
[EventDate "2014.02.27"]
[EventType "swiss"]
[EventRounds "7"]

1. e4 c6 2. d4 d5 3. e5 Bf5 4. Nf3 e6 5. Be2 Bg4 6. O-O c5 7. c3 Nc6 8. Nbd2 Nge7 9. dxc5 Ng6 10. b4 Ngxe5 11. Nxe5 Bxe2 12. Qxe2 Be7 13. Nxc6 bxc6 14. Nf3 Bf6 15. Bb2 O-O 16. Rfd1 Qc8 17. c4 Bxb2 18. Qxb2 dxc4 19. Qc3 Qa6 20. Ne5 f6 21. Nxc4 Rfd8 22. Nd6 Rd7 23. Qc4 Qxc4 24. Nxc4 Rd5 25. Ne3 Rdd8 26. Rd6 Rxd6 27. cxd6 Kf7 28. Rc1 Rc8 29. b5 c5 30. Nc4 e5 31. a4 Ke6 32. a5 h6 33. b6 axb6 34. axb6 Rb8 35. Rd1 Kd7 36. Ra1 Kc6 37. Ra7 Kb5 38. d7 Kxc4 39. b7 Kc3 40. h3 c4 41. Ra8 Rxb7 42. d8=Q Rb1+ 43. Kh2 Kc2 44. Qd5 c3 45. Qe4+ Kc1 46. Ra3 c2 47. Ra2 Rb2 48. Qe1# 1-0

[Event "2014 PHCC Championships"]
[Site "Port Huron"]
[Date "2014.02.27"]
[Round "5"]
[White "Gregg, Alan"]
[Black "Morabito, Matthew"]
[Result "1-0"]
[WhiteElo "1951"]
[BlackElo "1780"]
[PlyCount "55"]
[EventDate "2014.02.27"]
[EventType "swiss"]
[EventRounds "7"]

1. e4 c5 2. Nf3 g6 3. d4 Bg7 4. c3 cxd4 5. cxd4 Nf6 6. Nc3 d6 7. Be2 a6 8. O-O b5 9. e5 dxe5 10. dxe5 Qxd1 11. Rxd1 Ng4 12. Bf4 e6 13. Ne4 O-O 14. h3 Nh6 15. g4 Kh8 16. Rac1 Bb7 17. Nd6 Bd5 18. Rc7 Nc6 19. Rxd5 exd5 20. Rxc6 Ra7 21. Be3 Rd7 22. Rxa6 Ng8 23. Bxb5 Rc7 24. Bd4 f5 25. gxf5 gxf5 26. Ng5 Nh6 27. Ne6 Rc1+ 28. Kh2 1-0

[Event "2014 PHCC Championships"]
[Site "Port Huron"]
[Date "2014.02.27"]
[Round "5"]
[White "Rutkofske, Lonnie"]
[Black "Bedy, Noel"]
[Result "1-0"]
[WhiteElo "1836"]
[BlackElo "1621"]
[Annotator "Stewart Wilkinson"]
[PlyCount "22"]
[EventDate "2014.02.27"]
[EventType "swiss"]
[EventRounds "7"]

1. c4 d6 2. g3 e5 3. Bg2 f5 $5 {Diagram  [Certainly not a classic Dutch formation. Black hopes to gain a tempo by havng played e7-e5 in one move. Noel wisely avoids the traditional English lines following 3....,Nc6, or 3....,Nf6 ( Lon's wheelhouse). However, 3...,f5 is risky!]} 4. d4 Nf6 5. dxe5 dxe5 6. Qb3 $6 {[Surely, 6. qxd8, Kxd8 7. Nc3 favors White, but the higher rated player seeks complications.]} Nc6 {[Better are 6....,c6 or 6....,e4 frustrating the Bg2. 6....,Nbd7 is solid.]} 7. Bxc6+ bxc6 8. Nc3 Be6 9. Nf3 h6 $2 {[Fatally weakening g6; Lon finishes with a flourish!]} 10. Nxe5 $1 Bd7 $2 {[More white square problems.]} 11. c5 $1 {Diagram [Black Resigns. Black can play on with 11....,Qe7 or 11....,Nd5, but his position is full of holes!]} Ne4 1-0